Financial Accounting (Record no. 5558)

MARC details
005 - DATE AND TIME OF LATEST TRANSACTION
control field 20250627111843.0
020 ## - INTERNATIONAL STANDARD BOOK NUMBER
International Standard Book Number 1098765432
082 ## - DEWEY DECIMAL CLASSIFICATION NUMBER
Classification number 657 REI
100 ## - MAIN ENTRY--PERSONAL NAME
Author name REIMERS,J.
245 ## - TITLE STATEMENT
Title Financial Accounting
260 ## - PUBLICATION, DISTRIBUTION, ETC.
Place of publication, distribution, etc. New York
Name of publisher, distributor, etc. Prentence Hall
Date of publication, distribution, etc. 2007
300 ## - PHYSICAL DESCRIPTION
Extent xxi,752p.:ill., tables
Other physical details Index
Dimensions 28cm.
942 ## - ADDED ENTRY ELEMENTS (KOHA)
Source of classification or shelving scheme Dewey Decimal Classification
Koha item type Books
Holdings
Date last seen Total checkouts Full call number Barcode Cost, replacement price Price effective from Koha item type Lost status Source of classification or shelving scheme Damaged status Not for loan Withdrawn status Home library Current library Shelving location Date acquired Source of acquisition Cost, normal purchase price
06/27/2025   657 REI DOM00337 225000.00 06/27/2025 Books   Dewey Decimal Classification       CBE Dodoma CBE Dodoma General Collection 01/07/2009 Library budget 75000.00
06/27/2025   657 REI DOM00304 225000.00 06/27/2025 Books   Dewey Decimal Classification       CBE Dodoma CBE Dodoma General Collection 01/07/2009 Library budget 75000.00
06/27/2025   657 REI DOM000568 225000.00 06/27/2025 Books   Dewey Decimal Classification       CBE Dodoma CBE Dodoma General Collection 01/07/2009   75000.00
06/27/2025   657 REI DOM000198 225000.00 06/27/2025 Books   Dewey Decimal Classification       CBE Dodoma CBE Dodoma General Collection 01/07/2009   75000.00